| 000 | 01042nam a22002777a 4500 | ||
|---|---|---|---|
| 003 | DO-SdBNP | ||
| 005 | 20251106085533.0 | ||
| 007 | ta | ||
| 008 | 220721b1996 |||aoc|| |||| 00| 0dspa d | ||
| 020 | _a0965000508 | ||
| 040 |
_aDO-SdBNP _bspa _cBNPHU |
||
| 082 | 4 |
_a759.97295 _bM647p _222 |
|
| 100 | 1 |
_aMiller, Jeannette, _d1944- _983484 |
|
| 245 | 1 | 0 |
_aLa pintura de Noemí Ruíz y la poesía visual del trópico / _cJeannette Miller; traducción al inglés por Eneid Routté Gómez |
| 264 |
_aSan Juan, Puerto Rico : _bUniversidad Interamericana de Puerto Rico _c1996. |
||
| 300 |
_a164 p. : _bil.; _c28 cm |
||
| 504 | _aBibliografía: p. 157. | ||
| 546 | _aTexto en español e inglés. | ||
| 590 | _aInventariado, 2022 / SA | ||
| 600 | 1 | 0 |
_aRuiz, Noemí _d1931- _xCrítica e interpretación. _988768 |
| 650 | 7 |
_aPintores puertorriqueños _2LEMB _988769 |
|
| 650 | 7 |
_aPintura puertorriqueña _2LEMB _984541 |
|
| 700 | 1 |
_aRoutté Gómez, Eneid _etraducción _982078 |
|
| 910 | _aValidado. Control de calidad MFF | ||
| 942 |
_2ddc _cLBS1 |
||
| 999 |
_c52214 _d52214 |
||